LIBRARY & INFORMATION CENTRE, KCAET, TAVANUR

ONLINE PUBLIC ACCESS CATALOGUE (OPAC)

A textbook on Laboratery courses in Electronics engineering (Record no. 17491)

MARC details
000 -LEADER
fixed length control field 00280nam a22001097a 4500
003 - CONTROL NUMBER IDENTIFIER
control field OSt
008 - FIXED-LENGTH DATA ELEMENTS--GENERAL INFORMATION
fixed length control field 220124b ||||| |||| 00| 0 eng d
082 ## - DEWEY DECIMAL CLASSIFICATION NUMBER
Classification number 621.3
Item number TAR/TB
100 ## - MAIN ENTRY--AUTHOR NAME
Personal name Tarneker
245 ## - TITLE STATEMENT
Title A textbook on Laboratery courses in Electronics engineering
942 ## - ADDED ENTRY ELEMENTS (KOHA)
Koha item type Books
Holdings
Withdrawn status Lost status Damaged status Home library Current library Shelving location Date acquired Full call number Accession Number Koha item type
      KAUAET KAUAET General Stacks 24/01/2022 621.3 TAR/TB 18796 Books
free website counter